000
00305nam a2200121Ia 4500
008
190216s9999||||xx |||||||||||||| ||und||
100
_a
Thorpe.J.A
245
0
_a
Elementary Topics In Differential Geometry(Photostat)
260
_b
Springer Verlag
300
_a
253p
650
_a
Mathematics
942
_c
BK
999
_c
31536
_d
31536